Creating internet entertainment. / (Record no. 2184)

MARC details
000 -LEADER
fixed length control field 01770cam a2200337 a 4500
001 - CONTROL NUMBER
control field 3999371
005 - DATE AND TIME OF LATEST TRANSACTION
control field 20210414114130.0
008 - FIXED-LENGTH DATA ELEMENTS--GENERAL INFORMATION
fixed length control field 960906s1997 nyua 001 0 eng
010 ## - LIBRARY OF CONGRESS CONTROL NUMBER
LC control number 96035810
020 ## - INTERNATIONAL STANDARD BOOK NUMBER
International Standard Book Number 0471160733 (pbk. : alk. paper)
040 ## - CATALOGING SOURCE
Original cataloging agency DLC
Transcribing agency DLC
Modifying agency DLC
-- WaU
-- DLC
050 00 - LIBRARY OF CONGRESS CALL NUMBER
Classification number TK5105.888.N69
082 00 - DEWEY DECIMAL CLASSIFICATION NUMBER
Classification number 791
Edition number 21
100 1# - MAIN ENTRY--PERSONAL NAME
Personal name Novak, Jeannie,
Dates associated with a name 1966-
245 10 - TITLE STATEMENT
Title Creating internet entertainment. /
Statement of responsibility, etc. Jeannie Novak, Pete Markiewicz.
246 14 - VARYING FORM OF TITLE
Title proper/short title Creating Internet entertainment, a complete guide for Web developers and entertainment professionals
260 ## - PUBLICATION, DISTRIBUTION, ETC.
Place of publication, distribution, etc. New York :
Name of publisher, distributor, etc. Wiley Computer Pub.,
Date of publication, distribution, etc. c1997.
300 ## - PHYSICAL DESCRIPTION
Extent vii, 454 p. :
Other physical details ill. ;
Dimensions 24 cm.
500 ## - GENERAL NOTE
General note Includes index.
505 ## - FORMATTED CONTENTS NOTE
Formatted contents note Contents: Introduction -- The International revolution -- Building an internet entertainment site -- After the curtain rises: keeping your site in the spotlight -- The Many forms of intertainment -- Casting the future net - entertainment is transfomed.
650 #0 - SUBJECT ADDED ENTRY--TOPICAL TERM
Topical term or geographic name entry element Internet entertainment
General subdivision Design.
650 #0 - SUBJECT ADDED ENTRY--TOPICAL TERM
Topical term or geographic name entry element Web sites
General subdivision Design.
650 #0 - SUBJECT ADDED ENTRY--TOPICAL TERM
Topical term or geographic name entry element Internet marketing.
700 1# - ADDED ENTRY--PERSONAL NAME
Personal name Markiewicz, Peter George,
Dates associated with a name 1956-
856 4# - ELECTRONIC LOCATION AND ACCESS
Materials specified Table of Contents
Uniform Resource Identifier <a href="http://www.loc.gov/catdir/toc/onix06/96035810.html">http://www.loc.gov/catdir/toc/onix06/96035810.html</a>
856 42 - ELECTRONIC LOCATION AND ACCESS
Materials specified Contributor biographical information
Uniform Resource Identifier <a href="http://www.loc.gov/catdir/enhancements/fy0707/96035810-b.html">http://www.loc.gov/catdir/enhancements/fy0707/96035810-b.html</a>
856 42 - ELECTRONIC LOCATION AND ACCESS
Materials specified Publisher description
Uniform Resource Identifier <a href="http://www.loc.gov/catdir/enhancements/fy0707/96035810-d.html">http://www.loc.gov/catdir/enhancements/fy0707/96035810-d.html</a>
906 ## - LOCAL DATA ELEMENT F, LDF (RLIN)
a 7
b cbc
c orignew
d 1
e ocip
f 19
g y-gencatlg
942 ## - ADDED ENTRY ELEMENTS (KOHA)
Source of classification or shelving scheme Library of Congress Classification
Koha item type Books
Holdings
Withdrawn status Lost status Source of classification or shelving scheme Damaged status Not for loan Home library Current library Shelving location Date acquired Total Checkouts Full call number Barcode Date last seen Copy number Price effective from Koha item type
    Library of Congress Classification     WISCONSIN INTERNATIONAL UNIVERSITY COLLEGE, GHANA - MAIN LIBRARY WISCONSIN INTERNATIONAL UNIVERSITY COLLEGE, GHANA - MAIN LIBRARY General Stacks 27/08/2012   TK5105.888.N69 5831/12 27/08/2012 1 27/08/2012 Books
    Library of Congress Classification     WISCONSIN INTERNATIONAL UNIVERSITY COLLEGE, GHANA - MAIN LIBRARY WISCONSIN INTERNATIONAL UNIVERSITY COLLEGE, GHANA - MAIN LIBRARY General Stacks 28/08/2012   TK5105.888.N691 5693/12 28/08/2012 2 28/08/2012 Books

If you have any concerns or questions; kindly contact the library


© Powered by WIUC ICT DIRECTORATE